Smallest Capital Cities - Statistics

General Stats
  • This quiz has been taken 225 times
  • The average score is 22 of 30
Answer Stats
Country Population Answer % Correct
Vatican City 453 Vatican City
98%
San Marino 4,061 San Marino
97%
Monaco 38,350 Monaco
95%
Malta 5,827 Valletta
93%
Liechtenstein 5,774 Vaduz
89%
Andorra 22,873 Andorra la Vella
87%
Belize 20,621 Belmopan
80%
São Tomé and Príncipe 71,868 São Tomé
80%
Fiji 93,970 Suva
80%
Seychelles 26,450 Victoria
78%
Trinidad and Tobago 37,074 Port of Spain
77%
Samoa 41,611 Apia
75%
Brunei 100,700 Bandar Seri Begawan
73%
Grenada 33,734 St. George's
73%
Dominica 14,725 Roseau
72%
Antigua and Barbuda 22,219 St. John's
71%
Gambia 73,000 Banjul
69%
Saint Lucia 20,000 Castries
68%
Eswatini 94,874 Mbabane
67%
Vanuatu 51,437 Port Vila
67%
Nauru 747 Yaren
66%
Saint Kitts and Nevis 14,000 Basseterre
65%
Tuvalu 6,320 Funafuti
65%
Solomon Islands 92,344 Honiara
64%
Palau 271 Ngerulmud
63%
Micronesia 6,647 Palikir
63%
Tonga 27,600 Nukuʻalofa
62%
Saint Vincent and the Grenadines 12,909 Kingstown
61%
Marshall Islands 27,797 Majuro
58%
Kiribati 70,480 Tarawa
57%
No matching quizzes found
Score Distribution
Percent of People with Each Score
Percentile by Number Answered
Your Score History
You have not taken this quiz